Fred Astaire films - Statistics

General Stats
  • This quiz has been taken 23 times
  • The average score is 12 of 43
Answer Stats
Year Answer % Correct
1935 Top Hat
89%
1936 Swing Time
83%
1948 Easter Parade
72%
1934 The Gay Divorcee
61%
1933 Flying Down to Rio
56%
1957 Funny Face
56%
1942 Holiday Inn
56%
1974 That's Entertainment!
56%
1936 Follow the Fleet
44%
1951 Royal Wedding
44%
1938 Carefree
39%
1953 The Band Wagon
39%
1974 The Towering Inferno
39%
1955 Daddy Long Legs
33%
1968 Finian's Rainbow
33%
1935 Roberta
33%
1937 Shall We Dance
33%
1939 The Story of Vernon and Irene Castle
33%
1933 Dancing Lady
28%
1941 You'll Never Get Rich
28%
1957 Silk Stockings
22%
1949 The Barkleys of Broadway
22%
1950 Three Little Words
22%
1981 Ghost Story
17%
1940 Second Chorus
17%
1994 That's Entertainment! III
17%
1976 That's Entertainment, Part II
17%
1943 The Sky's the Limit
17%
1942 You Were Never Lovelier
17%
1937 A Damsel in Distress
11%
1946 Blue Skies
11%
1940 Broadway Melody of 1940
11%
1950 Let's Dance
11%
1962 The Notorious Landlady
11%
1961 The Pleasure of His Company
11%
1969 Midas Run
6%
1959 On the Beach
6%
1976 The Amazing Dobermans
6%
1952 The Belle of New York
6%
1945 Yolanda and the Thief
6%
1945 Ziegfeld Follies
6%
1978 A Family Upside Down
0%
1977 The Purple Taxi
0%
No matching quizzes found
Score Distribution
Percent of People with Each Score
Percentile by Number Answered
Your Score History
You have not taken this quiz